| 000 | 00616nam a2200193 a 4500 | ||
|---|---|---|---|
| 005 | 20210223125638.0 | ||
| 008 | 050516s1999 mx r 000 0 spa d | ||
| 020 | _a9706610693 | ||
| 035 | _aUPN01000138662 | ||
| 049 | _aCG | ||
| 050 | 4 |
_aHD59 _bD5.3 |
|
| 245 | 0 | 0 |
_a10 casos de relaciones públicas / _cSergio Peláez Farell ... [et al.]. |
| 260 |
_aMéxico : _bEDAMEX, _bAcademia Nacional de Relaciones Públicas, _c1999. |
||
| 300 | _a117 p. | ||
| 440 | 0 | _aTestimonio y comunicación | |
| 650 | 4 |
_aRELACIONES PUBLICAS - _vESTUDIO DE CASOS _917567 |
|
| 700 | 1 |
_aPeláez Farell, Sergio, _ecoaut. |
|
| 905 | _aLibro | ||
| 999 |
_c110810 _d110810 |
||